000 01723cam a22001814a 4500
005 20250605164355.0
008 250528s ||||||||||||||||||||||||d
035 _a24300
040 _aGR-AtMCL
_bgre
_dGR-AtMCL
_eAACR2
245 1 _aΣπουδαί - Spoudai / Βραβείο Ακαδημίας Αθηνών - An Academy of Athens Award
260 _bΕπτάλοφος,
_c2008
300 _a336
520 _aThe Measurement of Share Price Volatility in the Athens Stock Exchange, The Use of Websites as a Strategic Communicative Tool of E-Governance: In Depth Study of the Greek Case, Corporate Social Responsibility: Contribution to Sustainable Development and to Effective Management of European Enterprises, Interdependence Between U.S. and E.U. Goods and Money and Foreign Markets and Spilover Effects, Stock Index Futures and Trading Volume and Open Interest: Random Walk and Forecasting in ADEX, A Multiobjective Genetic Algorithm for Portfolio Selection with Integer Constraints, Empirical Investigation of the Impact of Mergers and Acquisitions on Stock Prices of Greek Companies Operating in the Greek Stock Exchange, An Analysis of the Market Reaction on Ex-Dividend Days: The Case of the Athens Stock Exchange, International Migration from Albania: Evidence from Wave 2 of the Albanian Living Standards Measurement Survey, Target Capital Structure and Acquisition Choices: Evidence from the Greek Market, Bird Strikes Risk Policy Strategies: Proposal for a Risk Classification Scheme, Regional Hierarchies and the Location of Hi Tech MNEs: The Case of the Pharmaceutical Industry in the UK.
700 1 _aΑγιακόγλου Χρήστος
_99446
942 _cCR
999 _c9190
_d9190